Literary Murderer Match-up Quiz Stats

Quiz Updated Mar 9, 2015

Challenge
Share
Tweet
Score 0/20 Timer 05:00
0 Plays Today
% Correct
Michael Corleone
92.7%
Sméagol
89.8%
Bellatrix Lestrange
89.8%
Iago
85%
Claudius
81.4%
Hannibal Lecter
80.2%
Patrick Bateman
77.4%
Annie Wilkes
76.6%
Raskolnikov
76%
Telemachus
70.8%
% Correct
George B. Wilson
70.6%
Bill Sikes
68%
Humbert Humbert
65.1%
Anton Chigurh
58.2%
Petyr Baelish
54.2%
Maxim de Winter
50.1%
Barabas
48%
Kazuo Kiriyama
45%
Mersault
34.5%
Pinkie
30.2%

You're not logged in!

Compare scores with friends on all Sporcle quizzes.
Sign Up with Email
OR
Log In

You Might Also Like...

Show Comments

Extras

Top Quizzes Today


Score Distribution

Your Account Isn't Verified!

In order to create a playlist on Sporcle, you need to verify the email address you used during registration. Go to your Sporcle Settings to finish the process.